100 mest berømte danskere - Statistics

General Stats
  • This quiz has been taken 11 times
  • The average score is 14 of 98
Answer Stats
Hint Answer % Correct
Cykelrytter Jonas Vingegaard
89%
Forfatter H.C. Andersen
78%
Statsminister Mette Frederiksen
78%
Sanger, Sangskriver Lukas Graham
67%
Fysiker Niels Bohr
67%
Fodboldspiller Christian Eriksen
56%
Skuespiller Mads Mikkelsen
56%
Håndboldspiller Mikkel Hansen
56%
Sangerinde, Sangskriver
56%
Politiker, Statsminister Lars Løkke Rasmussen
44%
Badmintonspiller Viktor Axelsen
44%
Komiker, Skuespiller, Forfatter Anders Matthesen
33%
Dronning Dronning Margrethe
33%
Politiker, Statsminister Helle Thorning-Schmidt
33%
Tennisspiller Holger Rune
33%
Filminstruktør Lars von Trier
33%
Bokser Mikkel Kessler
33%
Skuespiller Nikolaj Coster-Waldau
33%
Sanger, Sangskriver Rasmus Seebach
33%
Filosof Søren Kierkegaard
33%
Erhvervsmand, Svindel Stein Bagger
33%
Cykelrytter, Holdmanager Bjarne Riis
22%
Tennisspiller Caroline Wozniacki
22%
Præst, Filosof Grundtvig
22%
Forfatter Karen Blixen
22%
Sangerinde, Rapper Natasja
22%
Håndboldspiller, Målmand Niklas Landin
22%
Morder Peter Lundin
22%
Fodboldspiller, Målmand Peter Schmeichel
22%
Filminstruktør Thomas Vinterberg
22%
Influencer, Youtuber Albert Dyrlund
11%
Politiker, Statsminister Anders Fogh Rasmussen
11%
Arkitekt, Designer Arne Jacobsen
11%
Fodboldspiller, Kommentator Brian Laudrup
11%
Komponist Carl Nielsen
11%
Komiker, TV-vært Casper Christensen
11%
Konge Christian 4.
11%
Kronprinsesse Dronning Mary
11%
Komiker, Skuespiller Frank Hvam
11%
Fysiker, Kemiker H.C. Ørsted
11%
Forfatter Jussi Adler-Olsen
11%
Racerkører Kevin Magnussen
11%
Skuespiller Lars Mikkelsen
11%
Fodboldspiller, Træner Michael Laudrup
11%
Fodboldspiller Nicklas Bendtner
11%
Politiker, Formand for Nye Borgerlige Pernille Vermund
11%
Musiker, TV-vært Thomas Blachman
11%
Racerkører Tom Kristensen
11%
Astronom Tycho Brahe
11%
Skuespiller Alex Høgh Andersen
0%
Fodboldspiller Allan Simonsen
0%
TV-vært, Komiker Anders Lund Madsen
0%
Håndboldspiller, Træner Anja Andersen
0%
Politiker, Statsminister Anker Jørgensen
0%
Forfatter, Journalist Bente Scavenius
0%
Billedhugger Bertel Thorvaldsen
0%
Arkitekt Bjarke Ingels
0%
Badmintonspiller Camilla Martin
0%
Tennisspiller Clara Tauson
0%
Kok, Restauratør Claus Meyer
0%
Skuespillerinde Connie Nielsen
0%
Skuespiller, Komiker Dirch Passer
0%
Filminstruktør, Manuskriptforfatter Erik Balling
0%
TV-vært Frederik Cilius
0%
Forfatter, Maler Hans Scherfig
0%
Seismolog Inge Lehmann
0%
Iværksætter, Skype Janus Friis
0%
Fodboldspiller Jesper Grønkjær
0%
Komponist Jesper Kyd
0%
Filminstruktør Jonas Elmer
0%
Model Josefine Skriver
0%
Skuespiller Julia Zangenberg
0%
Sanger, Musiker Kim Larsen
0%
Fodboldspiller, Målmand, Træner Lars Høgh
0%
Musiker, Trommeslager Lars Ulrich
0%
Forfatter, Journalist Lise Nørgaard
0%
Filminstruktør Lone Scherfig
0%
Skibsreder, Erhvervsleder Mærsk Mc-Kinney Møller
0%
Politiker, EU-kommissær Margrethe Vestager
0%
Model Nina Agdal
0%
Iværksætter, LEGO Ole Kirk Christiansen
0%
Sejler Paul Elvstrøm
0%
Fodboldspiller Pernille Harder
0%
Digter, Designer, Opfinder Piet Hein
0%
Politiker, Statsminister Poul Nyrup Rasmussen
0%
Skuespiller Rasmus Bjerg
0%
Kok, Restauratør René Redzepi
0%
TV-vært, Komiker, Forfatter Sandi Toksvig
0%
Sangerinde Sanne Salomonsen
0%
Skuespillerinde Sidse Babett Knudsen
0%
Skuespillerinde Sofie Gråbøl
0%
Skuespiller Søren Malling
0%
Tegner, Humorist, Skuespiller Storm P
0%
Filminstruktør Susanne Bier
0%
Sanger, Sangskriver Thomas Helmig
0%
Politiker, Udenrigsminister Uffe Ellemann-Jensen
0%
Skuespiller Viggo Mortensen
0%
Opdagelsesrejsende Vitus Bering
0%
No matching quizzes found
Score Distribution
Percent of People with Each Score
Percentile by Number Answered
Your Score History
You have not taken this quiz